00759nam a22001697a 4500003000900000008004100009040007100050082002600121100002900147245016200176260003400338300002800372505014700400650001300547650001700560650001200577AR-CdUCM190405b ||||| |||| 00| 0 spa d aMUNICIPALIDAD PROVINCIAL DEL CUSCOcBIBLIOTECA MUNICIPAL DEL CUSCO a301.984 /bB32 / 1924 aPedregal, Juan Francisco aLa mascara de estuco :bDivagaciones perogrullescas sobre sociología boliviana, política, derecho publico y otras menudencias de actualidad permanente /  aLa Paz :bArnó Hnos,c1924. a240 páginas ;c20 cm. aContenido : A guisa de prologo -- Prolegomenos -- Hay hombres buenos y hay hombres malos -- Ética recreativa -- La geografía nacional ...  aSociedad aSociología aBolivia